Every Intamin Coaster 200ft+ - Statistics

General Stats
  • This quiz has been taken 19 times
  • The average score is 6 of 9
Answer Stats
Height (ft) Answer % Correct
456 Kingda Ka
100%
420 Top Thrill 2
100%
310 Millennium Force
80%
305 Pantherian
80%
415 Superman: Escape From Krypton
73%
208 Superman the Ride
47%
208 Ride of Steel
33%
205 Xcelerator
33%
200 Skyrush
27%
No matching quizzes found
Score Distribution
Percent of People with Each Score
Percentile by Number Answered
Your Score History
You have not taken this quiz